Joueurs Fnatic EU LCS/LEC - Statistiques

Statistiques générales
  • Ce quiz a été pris 43 fois
    8 depuis la dernière actualisation
  • Le résultat moyen est 29 sur 38
Statistiques - réponses
Hint Réponse % Correct
Mid Danemark 2017-2018 Caps
100%
Mid République Tchèque 2022-2025 Humanoid
100%
Top Espagne 2023-Aujourd'hui Oscarinin
100%
Mid Espagne 2013-2014 xPeke
100%
Top France 2021 Adam
88%
Jungle Danemark 2017-2019 Broxah
88%
Top/Jungle Belgique 2018-2021 Bwipo
88%
Jungle Finlande 2013-2014 Cyanide
88%
Top Corée du Sud 2015 Huni
88%
Support Bulgarie 2018-2022 Hylissang
88%
Support Corée du Sud 2024 Jun
88%
Support Slovénie 2025-Actuellement Mikyx
88%
Mid Slovénie 2019-2020 Nemesis
88%
Adc Corée du Sud 2023-2024 Noah
88%
Mid Corée du Sud 2025-Actuellement Poby
88%
Jungle Espagne 2022-Aujourd'hui Razork
88%
Jungle Corée du Sud 2015 Reignover
88%
Adc Suède 2014 2015-2020 2023 Rekkles
88%
Top France 2013-2014 2017-2018 sOAZ
88%
Adc Allemagne 2021-2023 2025--Actuellement Upset
88%
Top Danemark 2022-2023 Wunder
88%
Adc/Support France 2013-2016 Yellowstar
88%
Mid Pays-Bas 2015-2016 Febiven
75%
Mid Belgique 2021 Nisqy
75%
Jungle Corée du Sud 2016 Spirit
75%
Support Pologne 2023 Trymbi
75%
Top Corée du Sud 2016 Gamsu
63%
Top Pologne 2016 Kikis
63%
Jungle Pologne 2020-2021 Selfmade
63%
Jungle Allemagne 2017 Amazing
50%
Support Danemark 2017 Jesiz
50%
Support Allemagne 2013 nRated
50%
Support Portugal 2023 Rhuckz
50%
Adc France 2015 Steeelback
50%
Support Pays-Bas 2023 Advienne
38%
Support Suède 2016 Klaj
38%
Support Allemagne 2016 NoXiAK
38%
Adc Estonie 2013 puzsu
38%
Aucun quiz correspondant
Distribution des résultats
% des personnes avec chaque résultat
Percentile par nombre de réponses
Votre historique - résultats
Vous n’avez pas pris ce quiz depuis la dernière actualisation